|
|
|
|
| LEADER |
01127nam a22003137a 4500 |
| 001 |
36211 |
| 003 |
BD-DhAAL |
| 005 |
20211201100952.0 |
| 008 |
191106t2002 ii a|||| |||| 001 0 eng d |
| 999 |
|
|
|c 41774
|d 41774
|
| 020 |
|
|
|a 9788120320383
|
| 020 |
|
|
|a 8120320387
|
| 040 |
|
|
|a BD-DhAAL
|
| 082 |
|
|
|2 22
|a 370.15
|
| 100 |
|
|
|a Mangal, S K
|9 36868
|
| 245 |
|
|
|a Advanced educational psychology /
|c S K Mangal
|
| 250 |
|
|
|a Second edition
|
| 260 |
|
|
|a New Delhi, India :
|b PHI Learning,
|c ©2012.
|
| 300 |
|
|
|a xvi, 520 pages :
|b illustrations ;
|c 24 cm.
|
| 500 |
|
|
|a Includes index
|
| 526 |
|
|
|a BIED
|
| 541 |
|
|
|a Complimentary copy from BIED
|e 36211
|
| 650 |
|
|
|a Educational psychology.
|9 36869
|
| 650 |
|
|
|a Educational tests and measurements
|9 36870
|
| 650 |
|
|
|a Learning, Psychology of
|9 36871
|
| 650 |
|
|
|a Social science
|9 36872
|
| 852 |
|
|
|a Ayesha Abed Library
|c BIED Collection
|
| 942 |
|
|
|2 ddc
|c BK
|
| 952 |
|
|
|0 0
|1 0
|2 ddc
|4 0
|6 370_150000000000000_MAN
|7 0
|9 67056
|a BRACUL
|b BRACUL
|c GEN
|d 2019-11-06
|e Complimentary copy from BIED
|l 0
|o 370.15 MAN
|p 3010036211
|r 2019-11-06
|t 1
|w 2019-11-06
|y BK
|x Transferred from BIED to General Stacks
|